| 000 | 00000nam##2200000za#4500 |
| 001 | 9.696345 |
| 003 | CaOODSP |
| 005 | 20210624235006 |
| 007 | cr ||||||||||| |
| 008 | 150407|2000||||xxc|||||o f|0| 0 eng|d |
| 040 | |aCaOODSP|beng |
| 043 | |an-cn--- |
| 086 | 1 |aH21-141/2000E-PDF |
| 110 | 1 |aCanada.|bHealth Canada. |bHealth Environments and Consumer Safety Branch. |
| 245 | 10|aSustainable development strategy 2000 : |h[electronic resource]|bsustaining our health |
| 246 | 1 |aSustaining your health |
| 260 | |aOttawa - Ontario : |bHealth Canada. |cc2000. |
| 300 | |a70p.|billus., organization chart, references, tables, photographs |
| 500 | |aIncorrect catalogue number (H21-141/2000E) and ISBN (0-662-29363-0) copied in this electronic publication. |
| 590 | |a12-30-Supp|b2012-06-28 |
| 690 | 07|aHealth policy|2gcpds |
| 690 | 07|aSustainable development|2gcpds |
| 775 | 08|tStratégie de développement durable 2000 : |w(CaOODSP)9.640462 |
| 776 | 0#|tSustainable Development Strategy 2000 : |w(CaOODSP)9.662157 |
| 776 | 0#|tStratégie de développement durable 2000 : |w(CaOODSP)9.662158 |
| 856 | 40|ahttp://publications.gc.ca|qPDF|s788 KB|uhttps://publications.gc.ca/collections/Collection/H21-141-2000E.pdf |